Memorial addresses and other tributes held in the Senate and House of Representatives of the United States together with memorial services in honor of Ted Stevens, late a Senator from Alaska, One Hundred Eleventh Congress, second session.

Bibliographic Details
Corporate Author: United States. Congress. Joint Committee on Printing
Format: Government Document Book
Language:English
Published: Washington : U.S. G.P.O., 2012.
Series:Senate document (United States. Congress. Senate) ; 111-16.
Subjects:

MARC

Tag First Indicator Second Indicator Subfields
LEADER 00000cam a2200000 a 4500
001 in00002784970
005 20151202171657.0
008 121204s2012 dcuc f000 0 eng c
035 |a (OCoLC)ocn810161451 
040 |a USHRL  |c USHRL  |d OCLCO  |d GPO  |d MvI  |d UtOrBLW 
042 |a pcc 
043 |a n-us--- 
049 |a UDOC 
074 |a 1004-E 
086 0 |a Y 1.1/3:111-16 
245 0 0 |a Memorial addresses and other tributes held in the Senate and House of Representatives of the United States together with memorial services in honor of Ted Stevens, late a Senator from Alaska, One Hundred Eleventh Congress, second session. 
246 1 4 |a Ted Stevens, late a Senator from Alaska, memorial addresses and other tributes in the Congress of the United States 
246 1 8 |a Hon. Ted Stevens, 1923-2010 
264 1 |a Washington :  |b U.S. G.P.O.,  |c 2012. 
300 |a vi, 148 pages :  |b portrait ;  |c 24 cm. 
336 |a text  |b txt  |2 rdacontent 
337 |a unmediated  |b n  |2 rdamedia 
338 |a volume  |b nc  |2 rdacarrier 
490 1 |a S. doc. ;  |v 111-16 
500 |a Shipping list number: 2013-0026-P. 
500 |a "Compiled under the direction of the Joint Committee on Printing"--title page verso. 
500 |a Shipping List Date: 11/21/2012 
600 1 0 |a Stevens, Ted. 
650 0 |a Legislators  |z United States  |v Biography. 
610 1 0 |a United States.  |b Congress.  |b Senate  |v Biography. 
710 1 |a United States.  |b Congress.  |b Joint Committee on Printing. 
776 0 8 |i Online version:  |t Memorial addresses and other tributes held in the Senate and House of Representatives of the United States together with memorial services in honor of Ted Stevens, late a Senator from Alaska  |w (OCoLC)814374343 
830 0 |a Senate document (United States. Congress. Senate) ;  |v 111-16. 
999 |a MARS 
999 f f |s 1d3636b8-f497-38ec-8114-2a682a8e92ad  |i fcc8c9d2-754c-38b3-b4e2-bbb9cdc63be4  |t 0 
952 f f |p normal  |a Texas A&M University  |b College Station  |c Sterling C. Evans Library  |d Evans: US Documents (Annex 5th floor)  |t 0  |e Y 1.1/3:111-16  |h Superintendent of Documents classification  |i unmediated -- volume  |m A14839376891 
998 f f |a Y 1.1/3:111-16  |t 0  |l Evans: US Documents (Annex 5th floor)